Francisco de Goya
Saved in:
| Hovedforfatter: | |
|---|---|
| Format: | Bog |
| Sprog: | engelsk |
| Udgivet: |
Amsterdam
Longmans, Green
1951
|
| Serier: | Masters of Painting
|
| Fag: | |
| Tags: |
Tilføj Tag
Ingen Tags, Vær først til at tagge denne postø!
|
MARC
| LEADER | 00000nam a2200000 a 4500 | ||
|---|---|---|---|
| 001 | UCU4996 | ||
| 003 | CL-VaPUC | ||
| 008 | 960531e19510000NE |||||||||||||||||eng|d | ||
| 082 | 0 | 4 | |a 759.6 |b LOP |2 21 |
| 100 | |a López Rey, José |e autor |9 362827 | ||
| 245 | 1 | 0 | |a Francisco de Goya |
| 300 | |a 19 p | ||
| 942 | |c BK | ||
| 945 | |d 19960531 00:00:00 |a rleighto | ||
| 260 | |a Amsterdam |b Longmans, Green |c 1951 | ||
| 650 | 0 | |a Pintores españoles |9 315216 | |
| 650 | 0 | |a Pintura española |9 315217 | |
| 650 | 0 | |a Obras de arte |9 337253 | |
| 650 | 0 | |a Artistas |9 262026 | |
| 650 | 0 | |a Colecciones artísticas |9 348038 | |
| 650 | 7 | |a COLECCIONES DE MUSEO |2 CL-VaPUC |9 362828 | |
| 650 | 0 | |a Bellas artes |9 334299 | |
| 583 | |a last modification |c 19960531 00:00:00 |k Rodrigo Vera | ||
| 490 | 0 | |a Masters of Painting | |
| 999 | |c 248515 |d 248513 | ||
| 952 | |0 0 |1 0 |4 0 |6 759_600000000000000_LOP_1951 |7 0 |8 A |9 265193 |a BIBART |b BIBART |d 2019-11-19 |i 3107493 |o 759.6 LOP 1951 |p 3107493 |r 2025-03-13 |w 2019-11-19 |y BK |k ART | ||